000 00726nam a2200241 a 4500
001 BRCA_5823
005 20190320205228.0
008 110311s1913----be-a######---#000-0#fre-#
041 _afre
044 _abe
050 4 _aND653.L4
_b.B44 1913
100 1 _aBeets, N.
_914748
245 1 0 _aLucas de Leyde
_cN. Beets.
260 _aBruselas, Bélgica
_bLibrairie Nationale d´Art & d´Histoire : G. van Oest & Cie.
_c1913
300 _a132 p.
_bil., 33 láminas
_c21 cm.
440 0 _aCollection des grands artistes des Pays-Bas
_911892
500 _aIncluye lista de pinturas
500 _aG33
600 1 4 _aLeyden, Lucas van
_d1494-1533
_97468
650 1 4 _aPintores holandeses
_914749
902 _aGFM
942 _2lcc
_cB
999 _c5512
_d5512